| 000 | 00907nmc a2200337 a 4500 | ||
|---|---|---|---|
| 003 | AR-BaBNM | ||
| 005 | 20251128210830.0 | ||
| 008 | 101020s1998 ||||||||||||||000 | spa|| | ||
| 020 | _a987-9065-11-5 | ||
| 040 | _cAR-BaBNM | ||
| 100 | 1 | _aMairowitz, David Zane | |
| 245 | 1 | 0 | _aReich para principiantes |
| 260 |
_aBuenos Aires _bErrepar _c1998 |
||
| 300 | 0 |
_a174 p. _bil. |
|
| 490 | 0 |
_aPara principiantes _vv. 8 |
|
| 600 | 1 | 4 | _aReich, Wilhelm |
| 650 | 4 | _aBIOGRAFIAS | |
| 650 | 4 | _aPSICOANALISIS | |
| 650 | 4 | _aDIVULGACION | |
| 650 | 4 | _aPSICOANALISIS FREUDIANO | |
| 650 | 4 | _aHISTORIA DEL PSICOANALISIS | |
| 650 | 4 | _aPSICOTERAPIA | |
| 653 | 0 | _aHISTORIETAS | |
| 653 | 0 | _aTERAPIAS ALTERNATIVAS | |
| 655 | _aBIOGRAFIAS | ||
| 700 | 1 |
_aGonzález, Germán _eilustrador |
|
| 700 | 1 |
_aWolfson, Leandro _eilustrador |
|
| 800 | 1 |
_aKreimer, Juan Carlos _edirector |
|
| 942 | _cBK | ||
| 998 | _cMARTIN | ||
| 999 |
_c17116 _d17116 |
||